[Event "Dhaka Al Mahmud Memorial"]
[Site "Dhaka"]
[Date "2022.02.13"]
[Round "9"]
[White "Yasin, Arafat"]
[Black "Abdul, Momin"]
[Result "1/2-1/2"]
[WhiteElo "1794"]
[BlackElo "1949"]
[PlyCount "65"]
[EventDate "2022.02.05"]
[EventType "swiss"]
[EventRounds "9"]
[EventCountry "BAN"]
[SourceTitle "EXT 2023"]
[Source "ChessBase"]
[SourceDate "2022.10.05"]
[SourceVersion "1"]
[SourceVersionDate "2022.10.05"]
[SourceQuality "1"]

1. c4 c5 2. g3 b6 3. Bg2 Nc6 4. Nf3 Bb7 5. 0-0 e6 6. Nc3 a6 7. b3 h5 8. d4 cxd4 9. Nxd4 h4 10. Nxc6 Bxc6 11. Bxc6 dxc6 12. Qxd8+ Rxd8 13. Bg5 Be7 14. Be3 Bf6 15. Bxb6 Bxc3 16. Bxd8 Kxd8 17. Rad1+ Kc7 18. Rd3 Bb4 19. Rfd1 Nf6 20. a3 Bxa3 21. Ra1 Bc5 22. Rxa6 Ng4 23. e3 Ne5 24. Rd1 h3 25. Rda1 Rb8 26. Rb1 g5 27. Kf1 g4 28. Ke2 f5 29. Rb2 Nxc4 30. Rc2 Nxe3 31. fxe3 Bb4 32. Rc4 c5 33. e4 1/2-1/2

[Event "BAN-chT2 Borsho 2nd"]
[Site "Bangladesh"]
[Date "2021.01.27"]
[Round "8.3"]
[White "Yasin, Arafat"]
[Black "Md Sajidul, Haque"]
[Result "0-1"]
[WhiteElo "1863"]
[BlackElo "1570"]
[PlyCount "100"]
[EventDate "2021.01.20"]
[EventType "team-tourn"]
[EventRounds "9"]
[EventCountry "BAN"]
[SourceTitle "CBM 200 Extra"]
[Source "ChessBase"]
[SourceDate "2021.03.31"]
[SourceVersion "1"]
[SourceVersionDate "2021.03.31"]
[SourceQuality "1"]
[WhiteTeam "Elegant Int CA Eli"]
[BlackTeam "Yusupov Training Group"]
[WhiteTeamCountry "BAN"]
[BlackTeamCountry "BAN"]

1. Nf3 d5 2. c4 c6 3. e3 Nf6 4. b3 Bg4 5. Bb2 e6 6. Be2 Nbd7 7. h3 Bh5 8. Na3 e5 9. cxd5 cxd5 10. Nc2 e4 11. Nfd4 Nc5 12. g4 Bg6 13. Bc3 Nd3+ 14. Kf1 Qd7 15. Ne1 b5 16. Nxd3 exd3 17. Bf3 Ne4 18. Bb2 b4 19. Bxe4 dxe4 20. f4 h6 21. Kg2 Be7 22. Rc1 Bf6 23. Rc4 a5 24. Qc1 0-0 25. a4 bxa3 26. Bxa3 Rfc8 27. f5 Bh7 28. Bc5 a4 29. b4 a3 30. Qa1 a2 31. Rcc1 Qd5 32. Qb2 Qe5 33. h4 h5 34. g5 Bd8 35. Rcf1 Bc7 36. Rf4 Bxf5 37. Qc3 Be6 38. Ra1 Bb6 39. Qc1 Bxc5 40. bxc5 Rxc5 41. Qe1 Rc4 42. Qf2 Rc2 43. Qe1 Rb2 44. Qc1 Rb6 45. Rf1 Qd6 46. Qd1 Rab8 47. Qa4 Rb1 48. Nxe6 Rxf1 49. Rxf1 Qxe6 50. Qd4 Qg4+ 0-1

[Event "BAN-chT2 Borsho 2nd"]
[Site "Bangladesh"]
[Date "2021.01.23"]
[Round "4.4"]
[White "Jaber, Al Hamid"]
[Black "Yasin, Arafat"]
[Result "0-1"]
[WhiteElo "1793"]
[BlackElo "1863"]
[PlyCount "108"]
[EventDate "2021.01.20"]
[EventType "team-tourn"]
[EventRounds "9"]
[EventCountry "BAN"]
[SourceTitle "CBM 200 Extra"]
[Source "ChessBase"]
[SourceDate "2021.03.31"]
[SourceVersion "1"]
[SourceVersionDate "2021.03.31"]
[SourceQuality "1"]
[WhiteTeam "Latif Travels CC"]
[BlackTeam "Elegant Int CA Eli"]
[WhiteTeamCountry "BAN"]
[BlackTeamCountry "BAN"]

1. d4 d5 2. c4 c6 3. Nc3 Nf6 4. cxd5 cxd5 5. Bf4 a6 6. e3 Nc6 7. Bd3 e6 8. Nge2 Be7 9. 0-0 Nh5 10. h3 Nxf4 11. Nxf4 Bd6 12. Qf3 Qf6 13. Nh5 Qxf3 14. gxf3 g6 15. Ng3 h5 16. f4 Bd7 17. Kg2 Ke7 18. h4 Na5 19. b3 Rac8 20. Rac1 Nc6 21. Rfd1 Ba3 22. Rb1 Nb4 23. Na4 Bxa4 24. bxa4 Rc3 25. Ne2 Rxd3 26. Rxd3 Nxd3 27. Rxb7+ Kf6 28. Rb3 Nc1 29. Rxa3 Nxe2 30. Kf1 Nc1 31. Ke1 Rc8 32. Kd2 Rc4 33. f3 Kf5 34. Kd1 Kf6 35. Kd2 Ke7 36. Kd1 Kd6 37. Kd2 Kc6 38. e4 Kb6 39. a5+ Kb5 40. exd5 exd5 41. Re3 Nxa2 42. Re5 Rxd4+ 43. Ke3 Rc4 44. Rxd5+ Rc5 45. Rxc5+ Kxc5 46. f5 Nb4 47. Kf4 Nc6 48. fxg6 fxg6 49. Kg5 Nxa5 50. Kxg6 Nc4 51. f4 a5 52. f5 a4 53. f6 a3 54. Kxh5 Nd6 0-1

[Event "BAN-chT"]
[Site "Dhaka"]
[Date "2019.12.17"]
[Round "11.4"]
[White "Yasin, Arafat"]
[Black "Anata, Choudhury"]
[Result "0-1"]
[WhiteElo "1879"]
[BlackElo "2137"]
[PlyCount "166"]
[EventDate "2019.12.07"]
[EventType "team-tourn"]
[EventRounds "11"]
[EventCountry "BAN"]
[SourceTitle "CBM 193 Extra"]
[Source "ChessBase"]
[SourceDate "2020.01.31"]
[SourceVersion "1"]
[SourceVersionDate "2020.01.31"]
[SourceQuality "1"]
[WhiteTeam "Sheikh Russel"]
[BlackTeam "Uttara Central CC"]
[WhiteTeamCountry "BAN"]
[BlackTeamCountry "BAN"]

1. d4 Nf6 2. Nf3 g6 3. e3 Bg7 4. Bd3 c5 5. c3 b6 6. 0-0 0-0 7. Nbd2 Bb7 8. Qe2 d5 9. dxc5 bxc5 10. e4 dxe4 11. Nxe4 Nbd7 12. Bg5 Qc7 13. Rfe1 Nb6 14. Rad1 Rad8 15. Bc2 Rd5 16. Rxd5 Bxd5 17. Bxf6 exf6 18. Qb5 Rc8 19. Bb3 c4 20. Bc2 f5 21. Ng3 Bc6 22. Qa5 Qb7 23. Nh4 Nd5 24. Rb1 Bf6 25. Nhxf5 gxf5 26. Nxf5 Qb6 27. Qa3 Bd7 28. Re1 Be6 29. Nd6 Rc5 30. Ne4 Be7 31. Qa4 Rc8 32. b4 Bf6 33. Nxf6+ Nxf6 34. Qa3 Ng4 35. Re2 Qd6 36. g3 Bd5 37. Qc1 Qh6 38. Qxh6 Nxh6 39. f4 Ng4 40. Bf5 Be6 41. Rxe6 Rd8 42. Re2 Rd1+ 43. Kg2 Nf6 44. Be4 Ra1 45. Kf3 h5 46. Ke3 Rd1 47. h3 Rg1 48. Kd4 Rxg3 49. Re3 Nxe4 50. Kxe4 Rg2 51. Kd4 Rxa2 52. Rf3 Kg7 53. Kxc4 Kf6 54. Kc5 Kf5 55. c4 Ke4 56. Rc3 f5 57. b5 Kxf4 58. Kc6 Ke4 59. c5 f4 60. Kc7 f3 61. c6 f2 62. Rc1 Rb2 63. Kb7 Rxb5+ 64. Kxa7 Re5 65. c7 Re8 66. Kb7 h4 67. Rd1 Kf3 68. Rd8 f1Q 69. c8Q Qb5+ 70. Ka7 Qa5+ 71. Kb7 Rxd8 72. Qg4+ Ke3 73. Qg1+ Kd2 74. Qf2+ Kc1 75. Qg1+ Kb2 76. Qg2+ Rd2 77. Qc6 Qb4+ 78. Ka7 Qa3+ 79. Kb7 Ka1 80. Qh1+ Ka2 81. Qe4 Qb3+ 82. Ka7 Rd7+ 83. Ka6 Qd3+ 0-1